000 01810nam a2200433Ii 4500
001 DIGCOMPLT0068
003 NyNyDIG
006 m o d
007 cr |||||||||||
008 230830s2022 sp a o 000 0 spa d
035 _a(OCoLC)1395574972
040 _aDGITA
_beng
_erda
_epn
_cDGITA
020 _a9788466937641
_qpdf
020 _z9788466937634
043 _ae-sp---
050 1 4 _aND550 ebook
100 1 _aPriego, Luis,
_d1962-
_eauthor,
_eillustrator.
245 1 3 _aEl Jardín de las Hespérides :
_bdel mito a la belleza : catálogo de exposición /
_cLuis Priego ; imágenes, Silva Álvarez, Daniel Rivera, Luis Priego.
264 1 _aMadrid :
_bEdiciones Complutense,
_c[2022]
300 _a1 online resource :
_billustrations.
336 _atext
_btxt
_2rdacontent
337 _acomputer
_bc
_2rdamedia
338 _aonline resource
_bcr
_2rdacarrier
347 _atext file
_2rdaft
347 _bPDF
500 _a"Catálogo de la exposición celebrada en el c arte c (Centro de Arte Complutense) del 20 de enero al 4 de abril de 2022."
588 0 _aOnline resource; title from PDF title page (Digitalia, viewed August 30, 2023)
600 1 0 _aPriego, Luis,
_d1962-
_vExhibitions.
650 0 _aPainting, Spanish
_vExhibitions.
650 0 _aPainters
_zSpain
_vExhibitions.
700 1 _aÁlvarez, Silva,
_eauthor,
_eillustrator.
700 1 _aRivera, Daniel,
_eauthor,
_eillustrator.
791 2 _aDigitalia (Firm),
_edistributor.
793 0 _gDigitalia eBook Collection:
_aEdiciones Complutense
776 0 8 _iPrint version:
_aPriego, Luis, 1962-
_tJardín de las Hespérides.
_dMadrid : Ediciones Complutense, [2022]
_z9788466937634
856 4 0 _3Digitalia Hispánica
_uhttps://www.digitaliapublishing.com/a/129282/
910 _aPremium collection: 2023
942 _cRAA
999 _c280197
_d280197